| 000 | 00672nam a2200205Ii 4500 | ||
|---|---|---|---|
| 003 | JO-AjNU | ||
| 008 | 230605s9999||||xx |||||||||||||| ||und|| | ||
| 017 | _a1999/10/1843 | ||
| 040 |
_aJO-AjNU _bara _erda _cJO-AjNU |
||
| 041 | _aara | ||
| 050 | 1 | 4 | _aRA425.Q674 2000 |
| 100 | 3 |
_aالقمش، مصطفى/ م مشارك خليل المعايطة، سحر مخامرة , _eauthor _942059 |
|
| 245 | 0 | 0 | _aمبادئ الصحة العامة |
| 264 | 3 | 1 | _aعمان:دار الفكر ، 2000 |
| 300 | _a240ص | ||
| 336 |
_atext _btxt _2rdacontent |
||
| 337 |
_aunmediated _bn _2rdamedia |
||
| 338 |
_avolume _bnc _2rdacarrier |
||
| 650 | 4 |
_aالصحة العامة _942060 |
|
| 999 |
_aA17981 _c21549 _d21549 |
||